Personnage mystère #16 - Statistiques

Statistiques générales
  • Ce quiz a été pris 271 fois
  • Le résultat moyen est 4 sur 7
Statistiques - réponses
Lettres Indices % Correct
ZO Oz
100%
NECIGAMI Magicien
86%
ECORÈRIS Sorcière
68%
NISAMO Maison
63%
DARONTE Tornade
35%
ROLEUSIS Souliers
32%
Nom du personnage Dorothée
31%
Aucun quiz correspondant
Distribution des résultats
% des personnes avec chaque résultat
Percentile par nombre de réponses
Votre historique - résultats
Vous n’avez pas pris ce quiz